| 000 | 01025nam0a22002651 4500 | ||
|---|---|---|---|
| 001 | RU\INFOCOMM_322\NLR\5000259336 | ||
| 005 | 20250614080441.0 | ||
| 035 | _a(NLR Aleph) 010601936 | ||
| 090 |
_a10540176 _c10540176 |
||
| 100 | _a20130323d1963 |||y0rusy50 ca | ||
| 101 | 0 | _afre | |
| 102 | _aRU | ||
| 105 | _ay z|||| | ||
| 200 | 1 |
_aLes principes fondamentaux de la division internationale socialiste du travail _fConseil d'entraide économique. Secrétariat. Moscou |
|
| 210 |
_aM. _d1963 |
||
| 215 |
_a32 с. _d20 см |
||
| 300 | _aВ конце текста: Основные принципы международного социалистического разделения труда | ||
| 606 | 0 |
_aМеждународное разделение труда в социалистической системе _2nlr_sh1 |
|
| 620 | _aМосква | ||
| 686 |
_aЭ1-95 _2rubbk |
||
| 801 | 1 |
_aRU _bInfocomm _c20130323 |
|
| 801 | 0 |
_aRU _bINFOCOMM _gPSBO |
|
| 852 |
_aNLR _jЭк21 Г-4/172 |
||
| 942 | _cBOOK | ||
| 980 | _aNB | ||